La sombra de la duda /

Detalles Bibliográficos
Autor principal: Redmann, J. M. (Jean M.), 1955- (Autor)
Otros Autores: Torres Burgos, Zoraida de (Traductor)
Formato: Electrónico eBook
Lenguaje:español
inglés
Publicado: Barcelona ; Madrid : Editorial Egales, [2004]
Colección:Salir del armario ; 76.
Materias:
Acceso en línea:Digitalia Hispánica

MARC

LEADER 00000nam a2200000Ii 4500
001 DIGEGALES0247
003 NyNyDIG
006 m o d
007 cr |||||||||||
008 250707s2004 sp o 000 f spa d
035 |a (OCoLC)1527022519 
040 |a DGITA  |b eng  |e rda  |e pn  |c DGITA 
020 |a 9788415574255  |q eBook 
020 |z 9788495346742 
041 1 |a spa  |h eng 
043 |a n-us-la 
050 1 4 |a PS3568.E3617 ebook 
100 1 |a Redmann, J. M.  |q (Jean M.),  |d 1955-  |e author. 
240 1 0 |a Death by the riverside.  |l Spanish  |s (Torres Burgos) 
245 1 3 |a La sombra de la duda /  |c J.M. Redmann ; traducción de Zoraida de Torres Burgos. 
264 1 |a Barcelona ;  |a Madrid :  |b Editorial Egales,  |c [2004] 
300 |a 1 online resource. 
336 |a text  |b txt  |2 rdacontent 
337 |a computer  |b c  |2 rdamedia 
338 |a online resource  |b cr  |2 rdacarrier 
347 |a text file  |2 rdaft 
347 |b EPUB 
586 |a "Premio Lambda de Literatura" 
588 0 |a Online resource; title from ePub title page (Digitalia, viewed July 7, 2025) 
650 0 |a Women private investigators  |z Louisiana  |z New Orleans  |v Fiction. 
650 0 |a Lesbians  |v Fiction. 
651 0 |a New Orleans (La.)  |v Fiction. 
655 7 |a Novels.  |2 lcgft 
700 1 |a Torres Burgos, Zoraida de,  |e translator.  
700 1 |i Translation of:  |a Redmann, J. M.  |q (Jean M.),  |d 1955-  |t Death by the riverside. 
791 2 |a Digitalia (Firm),  |e distributor. 
793 0 |g Digitalia eBook Collection:  |a Editorial Egales 
776 0 8 |i Print version:  |a Redmann, J. M. (Jean M.), 1955-  |s Death by the riverside. Spanish (Torres Burgos).  |t Sombra de la duda.  |d Barcelona ; Madrid : Editorial Egales, [2004]  |z 9788495346742 
830 0 |a Salir del armario ;  |v 76. 
856 4 0 |3 Digitalia Hispánica  |u https://www.digitaliapublishing.com/a/171380/ 
910 |a Premium collection: 2025